| 000 | 01522cam a2200481 a 4500 | ||
|---|---|---|---|
| 001 | 73249 | ||
| 005 | 20230410132614.0 | ||
| 008 | 041119r20041969nyu b 000 1 eng | ||
| 010 | _a 2004559272 | ||
| 035 | _a(OCoLC)ocm56781200 | ||
| 040 |
_aDLC _cDLC _dBAKER _dNLGGC _dBTCTA _dYDXCP _dIH9 _dCPE |
||
| 020 | _a0143039008 | ||
| 020 | _a9780143039006 | ||
| 029 | 1 |
_aNLGGC _b271968621 |
|
| 029 | 1 |
_aNZ1 _b8981538 |
|
| 029 | 1 |
_aAU@ _b000026400437 |
|
| 035 | _a(OCoLC)56781200 | ||
| 043 | _ae------ | ||
| 050 | 1 | 4 |
_aPR 6013 _bG799t 2004 |
| 049 | _aGRAL | ||
| 100 | 1 |
_aGreene, Graham, _d1904-1991. |
|
| 245 | 1 | 0 |
_aTravels with my aunt / _cGraham Greene ; introduction by Gloria Emerson. |
| 250 | _aDeluxe ed. | ||
| 260 |
_aNew York : _bPenguin Books, _c2004. |
||
| 300 |
_axvi, 254 p. ; _c22 cm. |
||
| 440 | 0 | _aPenguin classics | |
| 500 | _a"Graham Greene centennial, 1904-2004"--Cover. | ||
| 504 | _aIncludes bibliographical references (p. xv-xvi). | ||
| 650 | 0 |
_aBritish _zForeign countries _vFiction. |
|
| 650 | 0 |
_aWomen travelers _vFiction. |
|
| 650 | 0 |
_aOlder women _vFiction. |
|
| 650 | 0 |
_aTravelers _vFiction. |
|
| 650 | 0 |
_aRetirees _vFiction. |
|
| 650 | 0 |
_aAunts _vFiction. |
|
| 655 | 7 |
_aHumorous fiction. _2gsafd |
|
| 650 | 7 | _aHumorous fiction. | |
| 938 |
_aBaker & Taylor _bBKTY _c15.00 _d11.25 _i0143039008 _n0006019154 _sactive |
||
| 938 |
_aBaker and Taylor _bBTCP _n2004559272 |
||
| 938 |
_aYBP Library Services _bYANK _n2143890 |
||
| 942 |
_2lcc _cbk |
||
| 994 |
_aC0 _bDRFGD |
||
| 946 | _aRCH | ||
| 999 |
_c84517 _d84517 |
||